00686nam a2200229 a 4500001001300000003000900013005001700022008004100039020002300080082001300103100002800116245003300144260004200177300000900219500003500228650001700263700002800280902000800308942000700316952011600323999001700439nice12345678IN_TiNIC20260116014944.0070914s1992 loua grp 000 0 eng  a066425165X c10000a232bPOP aPope-Levison, Priscilla aJisus in the Global Contexts aLouisvillebWestminister Press c1992 a232p aincludes index and biblioraphy aJesus Christ1 aPope-Levison, Priscilla bSRS cBK 001040708StackRoom-aHMIbHMId2008-04-17g100.00l0o232 POPp11001885r2008-04-17v100.00w2007-09-14yBK c17704d17704